00666nam a22001817a 4500003000400000005001700004008004100021040001400062100003200076245007200108260000900180300002900189500010000218504003100318942001600349999001500365952010400380OSt20171010095456.0120705t xxu||||| |||| 00| 0 eng d aMMSUcULS aCastro, Michelle T. 910978 aShifting roles and aspirations of OFW families cMichelle T. Castro c2008 axiii, 74 leaves c28 cm. aThesis (AB Sociology) -- Mariano Marcos State University-College of Arts & Sciences, Batac City aBibliography: leaves 55-56 2ddccTHEDIS c9622d9622 00102lcc4070aREFbREFd2012-07-05l0p3457-Unr2017-10-10w2017-10-10yTHEDISzLibrary Use only